[Event "SRB Central-ch op-B 8th"]
[Site "Paracin"]
[Date "2015.07.08"]
[Round "7"]
[White "Molcanov, Sergej"]
[Black "Rajic, Momcilo"]
[Result "1-0"]
[WhiteElo "2010"]
[BlackElo "1878"]
[PlyCount "65"]
[EventDate "2015.07.03"]
[EventType "swiss"]
[EventRounds "9"]
[EventCountry "SRB"]
[SourceTitle "CBM 167 Extra"]
[Source "ChessBase"]
[SourceDate "2015.09.14"]
[SourceVersion "1"]
[SourceVersionDate "2015.09.14"]
[SourceQuality "1"]

1. d4 Nf6 2. c4 d5 3. cxd5 Nxd5 4. e4 Nf6 5. Nc3 e6 6. Nf3 Nc6 7. e5 Nd5 8. Bd3 Be7 9. 0-0 Ncb4 10. Be4 Nxc3 11. bxc3 Nd5 12. Qc2 g6 13. Bh6 Bf8 14. Bxf8 Kxf8 15. Rab1 Kg7 16. c4 Nb6 17. Rfd1 c6 18. h3 Qe7 19. Nd2 Rd8 20. c5 Nd5 21. Nc4 f6 22. Nd6 fxe5 23. dxe5 Rb8 24. Rb3 Qg5 25. Rg3 Qxe5 26. Bxg6 Qxg3 27. fxg3 hxg6 28. Rf1 Rf8 29. Rxf8 Kxf8 30. Qxg6 Ke7 31. Qe8+ Kf6 32. Nxc8 e5 33. Qd8+ 1-0

[Event "SRB Central-ch op-B 8th"]
[Site "Paracin"]
[Date "2015.07.07"]
[Round "5"]
[White "Molcanov, Sergej"]
[Black "Mihov, Filip"]
[Result "1/2-1/2"]
[WhiteElo "2010"]
[BlackElo "1785"]
[PlyCount "106"]
[EventDate "2015.07.03"]
[EventType "swiss"]
[EventRounds "9"]
[EventCountry "SRB"]
[SourceTitle "CBM 167 Extra"]
[Source "ChessBase"]
[SourceDate "2015.09.14"]
[SourceVersion "1"]
[SourceVersionDate "2015.09.14"]
[SourceQuality "1"]

1. d4 Nf6 2. Nf3 d5 3. Bf4 Bf5 4. c4 e6 5. Nc3 c6 6. c5 Nh5 7. e3 Nxf4 8. exf4 Be7 9. Be2 0-0 10. 0-0 Nd7 11. Bd3 Bxd3 12. Qxd3 Qc7 13. g3 a5 14. Na4 b6 15. cxb6 Nxb6 16. Nc5 Bxc5 17. dxc5 Nd7 18. Qc3 Rfb8 19. Ne5 Nxe5 20. fxe5 Qb7 21. b3 Qb4 22. Rfc1 Qxc3 23. Rxc3 a4 24. Rb1 axb3 25. Rcxb3 Rxb3 26. Rxb3 g5 27. Rb6 Rxa2 28. Rxc6 Re2 29. Rd6 Rxe5 30. Kg2 Re4 31. Kf3 Rc4 32. Rc6 Kg7 33. Rc7 Kf6 34. Ke3 h5 35. c6 Kg6 36. Rc8 Kf5 37. h3 f6 38. c7 Ke5 39. Kd3 f5 40. Rg8 Rxc7 41. Rxg5 Rh7 42. h4 Rh8 43. f4+ Kd6 44. Kd4 Rh7 45. Ke3 Kc5 46. Rg8 Rc7 47. Rh8 Rg7 48. Kf2 d4 49. Rxh5 d3 50. Rg5 Rd7 51. Ke1 d2+ 52. Kd1 Kc4 53. Rg8 Kd3 1/2-1/2

[Event "SRB Central-ch op-B 7th"]
[Site "Paracin"]
[Date "2014.07.10"]
[Round "8"]
[White "Molcanov, Sergej"]
[Black "Dimitrijevic, Dusan"]
[Result "0-1"]
[WhiteElo "1907"]
[BlackElo "2067"]
[PlyCount "114"]
[EventDate "2014.07.04"]
[EventType "swiss"]
[EventRounds "9"]
[EventCountry "SRB"]
[SourceTitle "CBM 161 Extra"]
[Source "ChessBase"]
[SourceDate "2014.08.29"]
[SourceVersion "1"]
[SourceVersionDate "2014.08.29"]
[SourceQuality "1"]

1. d4 e6 2. c4 b6 3. Nc3 Bb4 4. e4 Bb7 5. Bd3 f5 6. Qe2 fxe4 7. Bxe4 Bxe4 8. Qxe4 Nc6 9. Nf3 Nf6 10. Qd3 0-0 11. 0-0 Qe8 12. Bg5 Qh5 13. Bxf6 Rxf6 14. Ne4 Rf4 15. Ng3 Qh6 16. a3 Bd6 17. c5 Bf8 18. Rfe1 Ne7 19. Rac1 Nd5 20. c6 d6 21. Rc2 g5 22. Qb3 g4 23. Rxe6 Qxe6 24. Re2 Qg6 25. Qxd5+ Qf7 26. Qxf7+ Kxf7 27. Ng5+ Kg6 28. Ne6 Rf7 29. d5 Bg7 30. f4 gxf3 31. gxf3 Be5 32. Rf2 Re8 33. f4 Rxe6 34. f5+ Rxf5 35. Nxf5 Rf6 36. Ne7+ Kf7 37. Nf5 Kg6 38. Ne7+ Kg5 39. Rg2+ Kh4 40. Rd2 Kg4 41. b4 b5 42. a4 a6 43. axb5 axb5 44. Re2 Bc3 45. Kg2 Bxb4 46. Rb2 Bc5 47. h3+ Kh4 48. Rxb5 Rf2+ 49. Kh1 Kxh3 50. Rb3+ Kg4 51. Rc3 Rd2 52. Rc4+ Bd4 53. Rb4 h5 54. Nc8 Kf3 55. Rb3+ Kf2 56. Kh2 Rd1 57. Kh3 Rh1# 0-1

[Event "SRB Central-ch op-B 7th"]
[Site "Paracin"]
[Date "2014.07.08"]
[Round "6"]
[White "Molcanov, Sergej"]
[Black "Milutinovic, Stefana"]
[Result "1-0"]
[WhiteElo "1907"]
[BlackElo "2055"]
[PlyCount "79"]
[EventDate "2014.07.04"]
[EventType "swiss"]
[EventRounds "9"]
[EventCountry "SRB"]
[SourceTitle "CBM 161 Extra"]
[Source "ChessBase"]
[SourceDate "2014.08.29"]
[SourceVersion "1"]
[SourceVersionDate "2014.08.29"]
[SourceQuality "1"]

1. d4 Nf6 2. c4 g6 3. Nc3 Bg7 4. Nf3 0-0 5. Bf4 d6 6. e3 c5 7. Be2 b6 8. h3 Bb7 9. 0-0 cxd4 10. exd4 d5 11. c5 bxc5 12. dxc5 Nbd7 13. b4 Nh5 14. Bd2 d4 15. Na4 d3 16. Bxd3 Bxf3 17. gxf3 Bxa1 18. Qxa1 Ndf6 19. Nb2 Qd4 20. Qc1 Nd5 21. Be4 Nhf6 22. Re1 Rad8 23. Bxd5 Qxd5 24. Nc4 Qxf3 25. Rxe7 Qxh3 26. Nd6 Qg4+ 27. Kf1 Qh3+ 28. Kg1 Ng4 29. Bf4 Nxf2 30. Qe3 Qxe3 31. Bxe3 Ng4 32. Bd4 a6 33. Ra7 h5 34. Kg2 f6 35. a4 Rfe8 36. Nxe8 Rxd4 37. c6 Rc4 38. c7 h4 39. Nd6 Rc2+ 40. Kh3 1-0

[Event "SRB Central-ch op-B 7th"]
[Site "Paracin"]
[Date "2014.07.07"]
[Round "4"]
[White "Molcanov, Sergej"]
[Black "Petrovic, Tijana"]
[Result "1-0"]
[WhiteElo "1907"]
[BlackElo "1675"]
[PlyCount "67"]
[EventDate "2014.07.04"]
[EventType "swiss"]
[EventRounds "9"]
[EventCountry "SRB"]
[SourceTitle "CBM 161 Extra"]
[Source "ChessBase"]
[SourceDate "2014.08.29"]
[SourceVersion "1"]
[SourceVersionDate "2014.08.29"]
[SourceQuality "1"]

1. d4 d5 2. c4 c6 3. e3 Nf6 4. Nc3 e6 5. Nf3 Bd6 6. Bd3 Nbd7 7. e4 dxe4 8. Nxe4 Be7 9. 0-0 0-0 10. Qc2 Nxe4 11. Bxe4 g6 12. d5 exd5 13. cxd5 cxd5 14. Bxd5 Nf6 15. Bc4 Bf5 16. Qb3 Rc8 17. Bh6 b5 18. Bxf8 bxc4 19. Bxe7 Qxe7 20. Qa4 Be4 21. Nd2 Bd5 22. Rac1 Qe2 23. Qd1 Qe7 24. f3 Qc5+ 25. Kh1 Qa5 26. Nb1 Qxa2 27. Nc3 Qa5 28. Qd4 Rc6 29. Nxd5 Qxd5 30. Qxa7 Qb5 31. Qd4 Nd5 32. Rfe1 Rc8 33. Re5 Rd8 34. Rd1 1-0

[Event "SRB Central-ch op-B 7th"]
[Site "Paracin"]
[Date "2014.07.05"]
[Round "3"]
[White "Nikolovski, Nikola"]
[Black "Molcanov, Sergej"]
[Result "1-0"]
[WhiteElo "2017"]
[BlackElo "1907"]
[PlyCount "94"]
[EventDate "2014.07.04"]
[EventType "swiss"]
[EventRounds "9"]
[EventCountry "SRB"]
[SourceTitle "CBM 161 Extra"]
[Source "ChessBase"]
[SourceDate "2014.08.29"]
[SourceVersion "1"]
[SourceVersionDate "2014.08.29"]
[SourceQuality "1"]

1. e4 c6 2. d4 d5 3. Nd2 dxe4 4. Nxe4 Bf5 5. Ng3 Bg6 6. Nf3 Nf6 7. h4 h6 8. Bc4 e6 9. Qe2 Nd5 10. Bb3 Bb4+ 11. Bd2 Nf4 12. Qf1 Bxd2+ 13. Kxd2 0-0 14. Rd1 b5 15. Ne2 Nd5 16. Kc1 a5 17. Bxd5 Qxd5 18. Kb1 Qf5 19. Rd2 Nd7 20. h5 Bh7 21. Rh4 b4 22. Nc1 Qd5 23. Nd3 Rfb8 24. Nf4 Qd6 25. Qc4 b3 26. axb3 Rb4 27. Qc3 a4 28. Nd3 Bxd3 29. Rxd3 axb3 30. cxb3 Rb6 31. Ne5 Rba6 32. Kc2 Nf6 33. Qc5 Qd8 34. Rc3 Nd5 35. Rg4 Nxc3 36. bxc3 Ra2+ 37. Kd3 Rxf2 38. Nxc6 Qf6 39. Kc4 Rb2 40. Qe5 Qxe5 41. Nxe5 Kf8 42. b4 f6 43. Kc5 fxe5 44. b5 e4 45. Rxe4 Rxg2 46. b6 Rb2 47. Rxe6 Rc8+ 1-0

[Event "SRB Central-ch op-B 6th"]
[Site "Paracin"]
[Date "2013.07.06"]
[Round "2"]
[White "Molcanov, Sergej"]
[Black "Rasic, Jovan"]
[Result "0-1"]
[WhiteElo "1893"]
[BlackElo "2085"]
[PlyCount "172"]
[EventDate "2013.07.05"]
[EventType "swiss"]
[EventRounds "9"]
[EventCountry "SRB"]
[SourceTitle "CBM 155 Extra"]
[Source "ChessBase"]
[SourceDate "2013.08.26"]
[SourceVersion "1"]
[SourceVersionDate "2013.08.26"]
[SourceQuality "1"]

1. d4 g6 2. c4 Bg7 3. Nc3 d6 4. Nf3 Nc6 5. Bf4 Bg4 6. e3 e5 7. dxe5 Nxe5 8. Be2 Bxf3 9. Bxf3 Nxf3+ 10. Qxf3 Ne7 11. Rd1 b6 12. Bg5 0-0 13. Nd5 f6 14. Nxe7+ Qxe7 15. Qd5+ Kh8 16. Bh4 g5 17. Bg3 f5 18. 0-0 Bxb2 19. Rfe1 Rae8 20. f3 Qg7 21. e4 f4 22. Bf2 g4 23. fxg4 Qxg4 24. Bd4+ Bxd4+ 25. Qxd4+ Re5 26. Rd2 f3 27. Rf2 Qg7 28. Re3 Rg5 29. Qxg7+ Kxg7 30. Rexf3 Rxf3 31. Rxf3 Rc5 32. Rc3 Kf6 33. Kf2 Rg5 34. h4 Rg4 35. Kf3 Rxh4 36. Rd3 Ke6 37. Rd5 Rh6 38. g4 c6 39. Rg5 Rf6+ 40. Ke3 Kf7 41. a4 Rf1 42. a5 h6 43. Rh5 Kg6 44. axb6 axb6 45. Rh2 Kg5 46. Rh5+ Kg6 47. Rh2 c5 48. Rd2 Rf6 49. Rd5 Kf7 50. g5 hxg5 51. Rxg5 Ke6 52. Rg7 Rf7 53. Rg8 Kd7 54. Ra8 Kc6 55. Rc8+ Kb7 56. Rd8 Kc7 57. Ra8 Rf1 58. Ra7+ Kc6 59. Kd2 Rf2+ 60. Kd3 Rb2 61. Kc3 Rb4 62. Re7 b5 63. cxb5+ Kxb5 64. Rb7+ Ka5 65. Rd7 Rd4 66. e5 dxe5 67. Re7 e4 68. Rb7 Rb4 69. Re7 Kb6 70. Re6+ Kb5 71. Re8 Rd4 72. Re6 Ra4 73. Re8 Kc6 74. Re5 Rd4 75. Rh5 Rd5 76. Rh3 Kb5 77. Rh8 Re5 78. Rh2 Kc6 79. Re2 Kd5 80. Rd2+ Ke6 81. Re2 Kf5 82. Rf2+ Kg4 83. Rf1 e3 84. Re1 Kf3 85. Rf1+ Kg2 86. Ra1 e2 0-1